Methods of test for natural rubber . Part III. Plasticity and plasticity retention index (First reprint April 1974) (Record no. 73721)

MARC details
000 -LEADER
fixed length control field 00451nam a2200133Ia 4500
245 #0 - TITLE STATEMENT
Title Methods of test for natural rubber . Part III. Plasticity and plasticity retention index (First reprint April 1974)
260 ## - PUBLICATION, DISTRIBUTION, ETC. (IMPRINT)
Place of publication New Delhi
260 ## - PUBLICATION, DISTRIBUTION, ETC. (IMPRINT)
Year of publication 1971
Name of publisher ISI
490 ## - SERIES STATEMENT
Series statement Method of testing subcommittee, CDC 42:1
500 ## - GENERAL NOTE
General note Standard number: IS 3660 (Part III)
650 ## - SUBJECT ADDED ENTRY--TOPICAL TERM
Topical Term Natural rubber
942 ## - ADDED ENTRY ELEMENTS (KOHA)
Koha item type Standards
Holdings
Withdrawn status Lost status Damaged status Not for loan Home library Current library Date acquired Koha item type
      Standards RRII Library RRII Library 31/12/2021 Standards